<?xml version="1.0" encoding="UTF-8"?>
<collection xmlns="http://www.loc.gov/MARC21/slim">
 <record>
  <leader>01152nam a2200205   4500</leader>
  <controlfield tag="001">1/26633</controlfield>
  <controlfield tag="008">050613s2001    gr       i    001 0 gre d</controlfield>
  <datafield tag="020" ind1=" " ind2=" ">
   <subfield code="a">9601505954</subfield>
  </datafield>
  <datafield tag="035" ind1=" " ind2=" ">
   <subfield code="l">28475</subfield>
  </datafield>
  <datafield tag="082" ind1="0" ind2="0">
   <subfield code="a">343 ΠΑΡ</subfield>
  </datafield>
  <datafield tag="100" ind1="1" ind2=" ">
   <subfield code="a">Παραράς, Πέτρος Ι.</subfield>
  </datafield>
  <datafield tag="245" ind1="1" ind2="0">
   <subfield code="a">Σύνταγμα και Ευρωπαϊκή σύμβαση δικαιωμάτων του ανθρώπου :</subfield>
   <subfield code="b">διεθνή κείμενα για την προστασία των δικαιωμάτων του ανθρώπου, βιβλιογραφία, νομολογια, παρατηρήσεις /</subfield>
   <subfield code="c">Πέτρου Ι. Παραρά.</subfield>
  </datafield>
  <datafield tag="250" ind1=" " ind2=" ">
   <subfield code="a">2η εκδ.</subfield>
  </datafield>
  <datafield tag="260" ind1="0" ind2=" ">
   <subfield code="a">Αθήνα, Κομοτηνή :</subfield>
   <subfield code="b">Αντ. Ν. Σάκκουλα,</subfield>
   <subfield code="c">2001.</subfield>
  </datafield>
  <datafield tag="300" ind1=" " ind2=" ">
   <subfield code="a">xvi, 799 σ. ;</subfield>
   <subfield code="c">19 εκ.</subfield>
  </datafield>
  <datafield tag="500" ind1=" " ind2=" ">
   <subfield code="a">Περιέχει ευρετήριο</subfield>
  </datafield>
  <datafield tag="650" ind1=" " ind2="4">
   <subfield code="a">Δημόσιο δίκαιο.</subfield>
  </datafield>
  <datafield tag="650" ind1=" " ind2="4">
   <subfield code="a">Ανθρώπινα δικαιώματα</subfield>
   <subfield code="x">Ευρωπαϊκή Κοινότητα.</subfield>
  </datafield>
  <datafield tag="852" ind1=" " ind2=" ">
   <subfield code="a">INST</subfield>
   <subfield code="b">UNIPILB</subfield>
   <subfield code="c">MAIN</subfield>
   <subfield code="e">20050613</subfield>
   <subfield code="h">343 ΠΑΡ</subfield>
   <subfield code="p">00148234</subfield>
   <subfield code="q">00148234</subfield>
   <subfield code="t">DES</subfield>
   <subfield code="y">0</subfield>
   <subfield code="4">1</subfield>
  </datafield>
  <datafield tag="852" ind1=" " ind2=" ">
   <subfield code="a">INST</subfield>
   <subfield code="b">UNIPILB</subfield>
   <subfield code="c">MAIN</subfield>
   <subfield code="e">20071030</subfield>
   <subfield code="h">343 ΠΑΡ</subfield>
   <subfield code="p">00154015</subfield>
   <subfield code="q">00154015</subfield>
   <subfield code="t">DES</subfield>
   <subfield code="y">0</subfield>
   <subfield code="4">2</subfield>
  </datafield>
 </record>
</collection>
